| 000 | 00362 a2200169 4500 | ||
|---|---|---|---|
| 001 | 56403 | ||
| 020 | _a8532205267 | ||
| 040 | _cAnchieta - Pituba | ||
| 100 | _aAzevedo, Ricardo | ||
| 240 | 1 | 0 |
_aCoração maltrapilho _lpor |
| 245 | 1 | 0 | _aCoração maltrapilho |
| 300 | _a96 | ||
| 362 | 0 | _a1993 | |
| 440 | 1 | _aFTD | |
| 650 | 4 | _aLiteratura juvenil | |
| 942 | _cBK | ||
| 999 |
_c56403 _d56403 |
||